Catálogo
 En Linea

Gestión cultural. (Registro nro. 16194)

Detalles MARC
000 -CABECERA
campo de control de longitud fija 00552nas a2200169 a 4500
001 - NÚMERO DE CONTROL
campo de control 000016661
005 - FECHA Y HORA DE LA ÚLTIMA TRANSACCIÓN
campo de control 20200929164938.0
008 - DATOS DE LONGITUD FIJA--INFORMACIÓN GENERAL
campo de control de longitud fija 100308c19979999dr qr1p 0 0spa d
040 ## - FUENTE DE LA CATALOGACIÓN
Centro catalogador/agencia de origen DO-SdBNP
Centro/agencia transcriptor spa
043 ## - CÓDIGO DE ÁREA GEOGRÁFICA
Código de área geográfica nwdr---
245 00 - MENCIÓN DE TÍTULO
Título Gestión cultural.
260 ## - PUBLICACIÓN, DISTRIBUCIÓN, ETC.
Lugar de publicación, distribución, etc. Santo Domingo :
Nombre del editor, distribuidor, etc. Universidad Autónoma de Santo Domingo (UASD),
Fecha de publicación, distribución, etc. 1997-.
300 ## - DESCRIPCIÓN FÍSICA
Extensión v. :
Otras características físicas il. ;
Dimensiones 27 cm.
310 ## - PERIODICIDAD ACTUAL
Periodicidad actual Trimestral
362 0# - FECHAS DE PUBLICACIÓN Y/O DESIGNACIÓN SECUENCIAL
Fecha de publicación y/o designación secuencial Año 1. No. 1 (jun. 1997-)
500 ## - NOTA GENERAL
Nota general Órgano de difusión de la Dirección de Cultura de la Universidad Autónoma de Santo Domingo

No hay ítems disponibles.

Con tecnología Koha